000 00306nam a22001337a 4500
020 _a0-907567-52-5
041 _aENG
100 _aBiswas.A.K
245 _aLong Distance Water Transfer
260 _aBeijing
_bUnited Nations University
_c1990
300 _a417
650 _aIDE ( 05 )
856 _uIDE ( 05 )
999 _c2779
_d2779